Dobrodružství barvy

Enregistré dans:
Détails bibliographiques
Auteur principal: Brožková, Ivana (Auteur)
Format: Livre
Langue:tchèque
Publié: Praha : Státní pedagogické nakladatelství, 1983
Édition:1. vyd.
Sujets:
Tags: Ajouter un tag
Pas de tags, Soyez le premier à ajouter un tag!

MARC

LEADER 00000nam a22000003a 4500
001 stu13627
005 20150617225659.5
008 960709s1983----xr------------------cze-d
040 |a STU  |b slo 
041 0 |a cze 
044 |a xr 
100 1 |a Brožková, Ivana  |4 aut 
245 1 |a Dobrodružství barvy 
250 |a 1. vyd.  
260 |a Praha :  |b Státní pedagogické nakladatelství,  |c 1983 
300 |a 284 s 
650 7 |a farba  |2 stusub 
650 7 |a Architektonická kompozícia  |2 stusub 
996 |b 284AU01090  |c A*884 U  |l AAKNAR  |s A  |a 24  |w stu13627_0001